Исследование критических тепловых потоков в вертикальной трубе с неравномерным подогревом при низком давлении и малых расходах воды; Атомная техника за рубежом; № 3

Бібліографічні деталі
Parent link:Атомная техника за рубежом: научно-технический журнал/ Росатом; Государственная корпорация по атомной энергии; Ядерное общество России (ЯОР).— , 1957-.— 0320-9326
№ 3.— 2004.— С. 32-33
Інші автори: Бронников В. А. (переводчик)
Мова:Російська
Опубліковано: 2004
Серія:Информация
Предмети:
Формат: Частина з книги
KOHA link:https://koha.lib.tpu.ru/cgi-bin/koha/opac-detail.pl?biblionumber=393241

MARC

LEADER 00000naa2a2200000 4500
001 393241
005 20231101064355.0
035 |a (RuTPU)RU\TPU\prd\29190 
090 |a 393241 
100 |a 20041026a2004 k y0rusy50 ca 
101 0 |a rus 
102 |a RU 
200 1 |a Исследование критических тепловых потоков в вертикальной трубе с неравномерным подогревом при низком давлении и малых расходах воды  |f Пер. В. А. Бронников 
225 1 |a Информация 
461 1 |0 (RuTPU)RU\TPU\prd\1300  |x 0320-9326  |t Атомная техника за рубежом  |o научно-технический журнал  |f Росатом; Государственная корпорация по атомной энергии; Ядерное общество России (ЯОР)  |d 1957- 
463 1 |0 (RuTPU)RU\TPU\prd\25886  |t № 3  |v С. 32-33  |d 2004 
610 1 |a критические тепловые потоки 
610 1 |a вертикальные трубы 
610 1 |a подогрев 
610 1 |a низкое давление 
610 1 |a теплоносители 
610 1 |a вода 
702 1 |a Бронников  |b В. А.  |4 730 
801 1 |a RU  |b 63413507  |c 20041026  |g PSBO 
801 2 |a RU  |b 63413507  |c 20120420  |g RCR 
942 |c BK